¿Existe un derecho humano a procrear? (Registro nro. 32969)
[ vista simple ]
| 000 -LEADER | |
|---|---|
| fixed length control field | 00359 a2200109 4500 |
| 001 - CONTROL NUMBER | |
| control field | ART_50927 |
| 005 - DATE AND TIME OF LATEST TRANSACTION | |
| control field | 20260410162019.0 |
| 008 - FIXED-LENGTH DATA ELEMENTS--GENERAL INFORMATION | |
| fixed length control field | 260409a |
| 100 1# - MAIN ENTRY--PERSONAL NAME | |
| Personal name | Rodríguez, Yamila V. |
| 245 10 - TITLE STATEMENT | |
| Title | ¿Existe un derecho humano a procrear? |
| 773 0# - HOST ITEM ENTRY | |
| Title | Temas de derecho de familia, sucesiones y bioética |
| Related parts | - Año 5, N° 5 (mayo 2020) |
| Record control number | REV41029 |
No hay ítems disponibles.